| 000 | 01605nam0a2200361 4500 | ||
|---|---|---|---|
| 001 | RU\NLR\bibl\252731 | ||
| 005 | 20260407105806.0 | ||
| 021 |
_aRU _b2001-47738 _92289 |
||
| 035 | _a(NLR Aleph) 000248524 | ||
| 090 |
_a1449723 _c1449723 |
||
| 100 | _a20020320d2000 |||y0rusy50 ca | ||
| 101 | 0 | _arus | |
| 102 | _aRU | ||
| 105 | _aa ||||||||| | ||
| 200 | 1 |
_aСовершенствование дорожных и технологических машин и техники для городского хозяйства _eСб. науч. тр. _fМоск. гос. автомоб.-дор. ин-т (техн. ун-т) _g[Редкол.: Ю. А. Ганькин (отв. ред.) и др.] |
|
| 210 |
_aМ. _cМАДИ (ТУ) _d2000 |
||
| 215 |
_a95,[1] с. _cил. _d21 |
||
| 606 | 0 |
_aКоммунальное хозяйство _jСборники _xОборудование _91213948 _3RU\NLR\auth\66493141 |
|
| 610 | 0 | _aДорожные машины | |
| 610 | 0 | _aСтроительные машины | |
| 610 | 0 | _aКоммунальные предприятия - Транспортное хозяйство | |
| 675 |
_a625.7/.8.002.5(082) _v3 _zrus |
||
| 686 |
_a73.31 _2rugasnti |
||
| 686 |
_a39.311-06-5 _2rubbk |
||
| 686 | _aН93-5я43 | ||
| 702 | 1 |
_aГанькин _bЮ. А. _4340 |
|
| 711 | 0 | 2 |
_aМосковский государственный автомобильно-дорожный институт _3RU\NLR\AUTH\889937530 _9369890 |
| 801 | 0 |
_aRU _bRKP _c20020320 _gPSBO |
|
| 801 | 1 |
_aRU _bRKP _c20020320 |
|
| 801 | 2 |
_aRU _bNLR _c20041115 _grcr |
|
| 942 | _cBOOK | ||
| 980 | _aNB | ||